000 00596nam a2200217 a 4500
001 4717054
005 20180222093715.0
008 841012s1984 ilua b 001 0 eng
010 _a 83082142
020 _a0256028036
040 _aDLC
_cDLC
_dDLC
041 _aeng
080 _a657 EAR
082 0 0 _a657 EAR
_219
100 1 _a58
101 _afin
245 1 0 _aFinancial accounting :
_cEarl A. Spiller, Jr., Martin L. Gosman.
504 _aIncludes bibliographical references and index.
906 _a7
_bcbc
_corignew
_d3
_eopcn
_f19
_gy-gencatlg
942 _2ddc
_cBK
999 _c43222
_d43222